000 00343nam a2200145Ia 4500
003 LK-CoDNM
008 010623t xxu||||| |||| 00| 1 eng d
040 _aLK-CoDNM
_dLK-CoDNM
_eLK-CoDNM
041 _aeng
080 _a50
_bB 10
245 _aGuide to the Ceylon Turf for 1893
300 _b49P., 15 cm
650 _aSports Clubs
942 _cBK
999 _c134534
_d134534